[Event "IECG CP.2000.S.00009 email"]
[Site "IECG email"]
[Date "2002.10.01"]
[Round "?"]
[White "Alvebring, Martin"]
[Black "Vonk, Marcel"]
[Result "0-1"]
[WhiteElo "2242"]
[BlackElo "1132"]
[PlyCount "67"]
[EventDate "2002.10.01"]
[EventType "tourn (corr)"]
[EventRounds "8"]
[EventCountry "UKR"]
[SourceTitle "Corr 2024"]
[Source "ChessBase"]
[SourceDate "2023.10.19"]
[SourceVersion "1"]
[SourceVersionDate "2023.10.19"]
[SourceQuality "1"]

1. e4 e5 2. Nf3 Nc6 3. Bb5 a6 4. Ba4 Nf6 5. 0-0 Be7 6. Re1 b5 7. Bb3 0-0 8. c3 d6 9. h3 Nb8 10. d4 Nbd7 11. Nbd2 Bb7 12. Bc2 Re8 13. a4 c5 14. Nf1 Bf8 15. Ng3 g6 16. d5 c4 17. Bg5 h6 18. Be3 Nc5 19. Qd2 h5 20. Bg5 Be7 21. Ra3 Nh7 22. Bh6 Rb8 23. Rea1 Bc8 24. axb5 axb5 25. Be3 Bf6 26. Ne2 Bd7 27. Nc1 Qc7 28. Na2 Ra8 29. Nb4 Rxa3 30. Rxa3 Qc8 31. Qc1 Bd8 32. Bh6 Bb6 33. Kh2 Qb7 34. Nd2 0-1

[Event "IECG CP.2000.S.00009 email"]
[Site "IECG email"]
[Date "2002.10.01"]
[Round "?"]
[White "Sukhov, Nick"]
[Black "Vonk, Marcel"]
[Result "1/2-1/2"]
[WhiteElo "2330"]
[BlackElo "1132"]
[PlyCount "77"]
[EventDate "2002.10.01"]
[EventType "tourn (corr)"]
[EventRounds "8"]
[EventCountry "UKR"]
[SourceTitle "Corr 2008"]
[Source "ChessBase"]
[SourceDate "2008.06.24"]
[SourceVersion "1"]
[SourceVersionDate "2008.06.24"]
[SourceQuality "1"]

1. e4 e5 2. Nf3 Nc6 3. Bc4 Bc5 4. c3 Nf6 5. d3 a6 6. 0-0 Ba7 7. Nbd2 0-0 8. Re1 d6 9. Bb3 Ng4 10. Re2 Kh8 11. Nf1 f5 12. exf5 Bxf5 13. Ng3 Bd7 14. Bg5 Nf6 15. h3 Qe8 16. Re1 Nh5 17. Ne4 Nf4 18. d4 h6 19. Bxf4 Rxf4 20. Ng3 Qf8 21. dxe5 Bxh3 22. exd6 Bg4 23. d7 Rd8 24. Re8 Rxe8 25. dxe8Q Qxe8 26. Qe1 Qxe1+ 27. Rxe1 Bxf3 28. gxf3 Rxf3 29. Re8+ Kh7 30. Ne4 Kg6 31. Kg2 Rd3 32. Rf8 Rd8 33. Rf7 Bb6 34. f4 h5 35. f5+ Kh6 36. f6 gxf6 37. Rxf6+ Kg7 38. Rf7+ Kg6 39. Rf6+ 1/2-1/2

[Event "IECG CP.2000.S.00009 email"]
[Site "IECG email"]
[Date "2002.10.01"]
[Round "?"]
[White "Vonk, Marcel"]
[Black "Aberbach Peltzman, Angel Sergio"]
[Result "1-0"]
[WhiteElo "1132"]
[BlackElo "2176"]
[PlyCount "21"]
[EventDate "2002.10.01"]
[EventType "tourn (corr)"]
[EventRounds "8"]
[EventCountry "UKR"]
[SourceTitle "Corr 2008"]
[Source "ChessBase"]
[SourceDate "2008.06.24"]
[SourceVersion "1"]
[SourceVersionDate "2008.06.24"]
[SourceQuality "1"]

1. d4 d5 2. c4 Nc6 3. Nc3 dxc4 4. Nf3 Nf6 5. e4 Bg4 6. d5 Ne5 7. Bf4 Ng6 8. Be3 e5 9. Bxc4 a6 10. Be2 Bd6 11. 0-0 1-0

[Event "IECG CP.2000.Q.00030"]
[Site "IECG email"]
[Date "2001.10.01"]
[Round "?"]
[White "Miraglia, Jorge"]
[Black "Vonk, Marcel"]
[Result "0-1"]
[WhiteElo "2139"]
[BlackElo "1042"]
[PlyCount "92"]
[EventDate "2001.10.01"]
[EventType "tourn (corr)"]
[EventRounds "6"]
[SourceTitle "Corr 2008"]
[Source "ChessBase"]
[SourceDate "2008.06.24"]
[SourceVersion "1"]
[SourceVersionDate "2008.06.24"]
[SourceQuality "1"]

1. e4 c5 2. Nc3 Nc6 3. Nf3 g6 4. Bb5 Bg7 5. 0-0 Nd4 6. Bc4 d6 7. d3 e6 8. Nxd4 cxd4 9. Ne2 Ne7 10. Bg5 h6 11. Bd2 0-0 12. Re1 Bd7 13. c3 dxc3 14. Bxc3 Rc8 15. Qd2 Bxc3 16. bxc3 Kh7 17. Qf4 Qc7 18. Qh4 Nc6 19. Bb3 Ne5 20. Rad1 Bb5 21. Qg3 Ba6 22. c4 Rfd8 23. Nd4 Qe7 24. f4 Nc6 25. Nf3 Qf6 26. e5 Qe7 27. d4 dxe5 28. fxe5 Na5 29. c5 b6 30. cxb6 Nxb3 31. axb3 axb6 32. Qf2 Bb7 33. Nd2 Rc3 34. Re3 Rc2 35. Re2 Ba6 36. Re4 Rd7 37. Rf4 Kg7 38. h4 Qb4 39. Rg4 Bb7 40. Qf6+ Kh7 41. Qf2 Qc3 42. Kh2 b5 43. h5 g5 44. Qg3 Qxg3+ 45. Kxg3 Rc3+ 46. Kf2 Rd3 0-1

[Event "IECG CP.2000.P.00003"]
[Site "IECG email"]
[Date "2000.10.01"]
[Round "?"]
[White "Vonk, Marcel"]
[Black "Brants, Thorsten"]
[Result "1-0"]
[WhiteElo "800"]
[BlackElo "1961"]
[PlyCount "53"]
[EventDate "2000.10.01"]
[EventType "tourn (corr)"]
[EventRounds "6"]
[EventCountry "NED"]
[SourceTitle "Corr 2008"]
[Source "ChessBase"]
[SourceDate "2008.06.24"]
[SourceVersion "1"]
[SourceVersionDate "2008.06.24"]
[SourceQuality "1"]

1. d4 d5 2. c4 dxc4 3. Nf3 a6 4. e3 e6 5. Bxc4 c5 6. 0-0 Nf6 7. dxc5 Qxd1 8. Rxd1 Bxc5 9. b3 b5 10. Be2 Nbd7 11. Bb2 0-0 12. Ne5 Nxe5 13. Bxe5 Bb7 14. Bxf6 gxf6 15. a4 bxa4 16. Rxa4 Rfd8 17. Nd2 f5 18. Nc4 f6 19. Rxd8+ Rxd8 20. Na5 Be4 21. h4 Ra8 22. Kf1 Ra7 23. g4 Kf7 24. gxf5 exf5 25. Nc4 Bc6 26. Ra5 Bb5 27. Nd6+ 1-0

[Event "IECG CN.2000.0.00213"]
[Site "IECG email"]
[Date "2000.09.18"]
[Round "?"]
[White "Venturas, Bob"]
[Black "Vonk, Marcel"]
[Result "0-1"]
[WhiteElo "561"]
[BlackElo "800"]
[PlyCount "70"]
[EventDate "2000.09.18"]
[EventType "tourn (corr)"]
[EventRounds "6"]
[SourceTitle "Corr 2008"]
[Source "ChessBase"]
[SourceDate "2008.06.24"]
[SourceVersion "1"]
[SourceVersionDate "2008.06.24"]
[SourceQuality "1"]

1. e4 c5 2. Bc4 e6 3. Nc3 Nc6 4. Nf3 Nge7 5. d4 cxd4 6. Nxd4 Nxd4 7. Qxd4 f5 8. exf5 Nxf5 9. Qg4 d5 10. Bb3 Bd6 11. Bg5 Qc7 12. 0-0-0 a6 13. Ne2 0-0 14. h4 Bd7 15. Bd2 Rac8 16. h5 b5 17. c3 b4 18. Kb1 bxc3 19. Bxc3 Be5 20. Bxe5 Qxe5 21. Rhe1 Qf6 22. Bc2 Nh6 23. Qg3 Qxf2 24. Qd3 Nf5 25. Rf1 Qxg2 26. Rg1 Qh2 27. Rh1 Qe5 28. Rhe1 Bb5 29. Qd2 Rxc2 30. Qxc2 Ne3 31. Qc3 Qe4+ 32. Ka1 Nxd1 33. Qd2 Ne3 34. Rc1 Bxe2 35. Qxe2 Nc2+ 0-1

[Event "IECG CP.1999.P.00085"]
[Site "IECG email"]
[Date "1999.10.01"]
[Round "?"]
[White "Longo, Andrew"]
[Black "Vonk, Marcel"]
[Result "1-0"]
[WhiteElo "1800"]
[BlackElo "800"]
[PlyCount "61"]
[EventDate "1999.10.01"]
[EventType "tourn (corr)"]
[EventRounds "6"]
[EventCountry "CRO"]
[SourceTitle "Corr 2008"]
[Source "ChessBase"]
[SourceDate "2008.06.24"]
[SourceVersion "1"]
[SourceVersionDate "2008.06.24"]
[SourceQuality "1"]

1. d4 d5 2. Nf3 Nf6 3. e3 c5 4. c4 Bg4 5. dxc5 e6 6. cxd5 Qxd5 7. Bb5+ Nc6 8. Qxd5 Nxd5 9. Ne5 Ndb4 10. Na3 Bh5 11. Bd2 Bxc5 12. Rc1 Bd6 13. Nxc6 bxc6 14. Rxc6 Nxc6 15. Bxc6+ Ke7 16. Bxa8 Rxa8 17. Nc4 Rd8 18. Nxd6 Kxd6 19. f3 Rc8 20. g4 Bg6 21. Bc3 a5 22. Ke2 f6 23. h4 h6 24. Rd1+ Kc5 25. Bxf6 Kb5 26. Bxg7 h5 27. Kf2 a4 28. Kg3 Rc4 29. Rd6 Bf7 30. Bd4 hxg4 31. fxg4 1-0